000 00263nam a2200121Ia 4500
008 190216s9999||||xx |||||||||||||| ||und||
100 _aKanam E J
245 0 _aDathu Puthran
260 _bPoorna Pubs Kozhikode
300 _a201
650 _aNovel
942 _cBK
999 _c27452
_d27452